|
|
|
|
| LEADER |
01475nam a22003852a 4500 |
| 001 |
000947626 |
| 003 |
CZ BrMZK |
| 005 |
20190411133241.0 |
| 007 |
ta |
| 008 |
090618s1968 xr ar|||||||||d|cze d |
| 015 |
|
|
|a cnb000449132
|
| 035 |
|
|
|a (OCoLC)42129393
|
| 040 |
|
|
|a BOA001
|b cze
|
| 041 |
1 |
|
|a cze
|h rus
|
| 072 |
|
7 |
|a 821.161.1
|x Ruská literatura
|2 Konspekt
|9 25
|
| 072 |
|
7 |
|a 821-93
|x Literatura pro děti a mládež (beletrie)
|2 Konspekt
|9 26
|
| 080 |
|
|
|a 821.161.1-2
|2 MRF
|
| 080 |
|
|
|a 821-93
|2 MRF
|
| 080 |
|
|
|a (0:82-2)
|2 MRF
|
| 080 |
|
|
|a (0:82-2)792.97
|2 MRF
|
| 100 |
1 |
|
|a Oleša, Jurij Karlovič,
|d 1899-1960
|7 jn20000604261
|4 aut
|
| 245 |
1 |
0 |
|a Tři tlouštíci :
|b loutková hra ve 2 částech /
|c scénář Jan Dvořák a Miroslav Vildman ; dialogy a texty písní Jan Dvořák ; překlad Zdeňky Havránkové
|
| 260 |
|
|
|a Praha :
|b Československé divadelní a literární jednatelství,
|c 1968
|
| 300 |
|
|
|a 96 s.
|
| 500 |
|
|
|a Přeloženo z ruštiny
|
| 655 |
|
7 |
|a ruská dramata
|7 fd133314
|2 czenas
|
| 655 |
|
7 |
|a loutkové hry
|7 fd132777
|2 czenas
|
| 655 |
|
7 |
|a publikace pro děti
|7 fd133156
|2 czenas
|
| 700 |
1 |
|
|a Dvořák, Jan,
|d 1925-2006
|7 jk01030105
|4 lyr
|4 sce
|
| 700 |
1 |
|
|a Vildman, Miroslav,
|d 1937-1991
|7 jk01142361
|4 sce
|
| 700 |
1 |
|
|a Havránková, Zdeňka,
|d 1909-
|7 jk01040451
|4 trl
|
| 910 |
|
|
|a BOA001
|b 1-0601.921
|
| 990 |
|
|
|a BK
|
| 991 |
|
|
|b 200906
|
| 996 |
6 |
|
|b 2619481650
|c 1-0601.921
|l MZK
|r Sklad / do 1 hodiny
|n 0
|w 000947626
|u 000010
|a 1
|e BOA001
|j MZK50
|s P
|